Uma Nênia Para Príncipes (Um Trono para Irmãs-Livro Quatro)
Saved in:
| Main Author | |
|---|---|
| Format | Electronic eBook |
| Language | Czech |
| Published |
Lukeman Literary
2019
|
| Edition | 1. elektronické vydání |
| Subjects | |
| Online Access | Dostupné v BOOKPORT po přihlášení pomocí eduID |
| ISBN | 9781640298576 9781640298570 |
| Physical Description | 1 online zdroj (250 stran) |
Cover
| LEADER | 00000nam a2200000 i 4500 | ||
|---|---|---|---|
| 001 | bkp765913162 | ||
| 003 | CZ-prgp | ||
| 005 | 20210922093518.0 | ||
| 006 | m o d | ||
| 007 | cr cn | ||
| 008 | 210922s2019 xr o 000 1 cze | ||
| 020 | |a 9781640298576 |c 130 Kč |q (online ; epub) | ||
| 020 | |a 9781640298570 |c 130 Kč |q (print) | ||
| 040 | |a Grada |b cze |e rda | ||
| 100 | 1 | |a Morgan, Rice | |
| 245 | 1 | 0 | |a Uma Nênia Para Príncipes (Um Trono para Irmãs-Livro Quatro) |c Rice Morgan |
| 250 | |a 1. elektronické vydání | ||
| 264 | 1 | |b Lukeman Literary |c 2019 | |
| 300 | |a 1 online zdroj (250 stran) | ||
| 336 | |a text |b txt |2 rdacontent | ||
| 337 | |a počítač |b c |2 rdamedia | ||
| 338 | |a online zdroj |b cr |2 rdacarrier | ||
| 520 | 3 | |a "A imaginação de Morgan Rice não tem limites. Em mais uma série que promete ser tão cativante como as anteriores, UM TRONO PARA IRMÃS apresenta-nos o conto de duas irmãs (Sophia e Kate), órfãs, que lutam para sobreviver no mundo cruel e exigente de um orfanato. Um sucesso imediato. Mal posso esperar para por as mãos no segundo e no terceiro livro!" -- Books and Movie Reviews, Roberto Mattos De Morgan Rice, Bestseller #1, chega uma nova série inesquecível de fantasia. Em UMA ENDECHA PARA PRÍNCIPES (Um Trono para Irmãs-Livro Quatro), Sophia, de 17 anos, luta pela sua vida, tentando recuperar do ferimento feito por Lady D'Angélica. Serão os novos poderes da sua irmã Kate suficientes para a trazer de volta? O navio navega com as irmãs para as terras distantes e exóticas do tio delas, que é a sua última esperança e única ligação que conhecem com os seus pais. No entanto, a viagem é traiçoeira, e mesma se elas o encontrarem, as irmãs não sabem se a receção será calorosa ou hostil. Kate, contratada ao orfanato pela bruxa, dá por si numa situação desesperada que não para de aumentar - até encontrar uma feiticeira que pode deter o segredo para a sua liberdade. Sebastian regressa à corte, de coração desfeito, desesperado para saber se Sophia está viva. Quando a sua mãe o obriga a casar com Lady D'Angélica, ele sabe que chegou o momento de arricar tudo. UMA ENDECHA PARA PRÍNCIPES (Um Trono para Irmãs - Livro Quatro) é o quarto livro de uma deslumbrante nova série de fantasia repleta de amor, desgosto, tragédia, ação, aventura, magia, espadas, feitiçaria, dragões, destino e suspense de tirar o fôlego. Um livro que não se quer parar de ler. Está cheio de personagens que vão fazer com que você se apaixone, e com um mundo que você nunca vai esquecer. Livro #5 na série está agora igualmente disponível! "[UM TRONO PARA IRMÃS] é um começo poderoso de uma série que irá produzir uma combinação de protagonistas corajosos e circunstâncias desafiantes para envolver completamente não apenas jovens adultos, mas também fãs de fantasia adulta que procuram histórias épicas alimentadas por amizades e adversários poderosos" --Midwest Book Review (Diane Donovan) | |
| 650 | 0 | 4 | |a Young Adult, New Adult |
| 856 | 4 | 0 | |u https://www.bookport.cz/AccountSaml/SignIn/?idp=https://shibboleth.utb.cz/idp/shibboleth&returnUrl=/kniha/uma-nenia-para-principes-um-trono-para-irmas-livro-quatro-9437/ |y Dostupné v BOOKPORT po přihlášení pomocí eduID |